Fundamentos del derecho penal de culpabilidad: historia, teoría y metodología

Gorde:
Xehetasun bibliografikoak
Egile nagusia: Couso Salas, Jaime (Egilea)
Formatua: Liburua
Hizkuntza:gaztelania
Argitaratua: Valencia Tirant lo Blanch 2006
Gaiak:
Etiketak: Etiketa erantsi
Etiketarik gabe, Izan zaitez lehena erregistro honi etiketa jartzen!

MARC

LEADER 00000nam a2200000 a 4500
001 UCJ1133
003 CL-VaPUC
008 060929e20060000SP |||||||||||||||||spa|d
020 |a 8484564509 
082 0 4 |a 345  |b COU  |2 21 
100 0 |a Couso Salas, Jaime  |e author  |9 501676 
245 1 0 |a Fundamentos del derecho penal de culpabilidad: historia, teoría y metodología 
300 |a 573 p 
942 |c BK 
945 |d 20060929 00:00:00  |a jtorresc 
260 |a Valencia  |b Tirant lo Blanch  |c 2006 
650 7 |a DERECHO PENAL  |2 CL-VaPUC  |9 11 
650 0 |a Derecho procesal penal   |9 256392 
650 7 |a CULPABILIDAD  |2 CL-VaPUC  |9 351694 
650 0 |a Derecho positivo  |9 255911 
583 |a last modification  |c 20060929 00:00:00  |k Rodrigo Vera 
999 |c 317844  |d 317842 
952 |0 0  |1 0  |4 0  |6 345_000000000000000_COU_2006  |7 0  |8 A  |9 394834  |a BIBDER  |b BIBDER  |d 2019-11-22  |i 4280814  |o 345 COU 2006  |p 4280814  |r 2023-01-25  |w 2019-11-22  |y BK  |k DER